Destete precoz : dos años de resultados, 28 de marzo de 1996 Viedma y Patagones /

Guardado en:
Autor Principal: Kugler, N. M.
Otros Autores: Giorgetti, H., Cecchi, G., Montenegro, O., Rodríguez, G.
Formato: Libro
Idioma:Spanish
Publicado: [Viedma] : INTA EEA Valle Inferior del Río Negro : Convenio IDEVI-INTA, [1996].
Etiquetas: Agregar Etiqueta
Sin Etiquetas, Sea el primero en etiquetar este registro!
LEADER 00687nam a22001815a 4500
001 EEA.libagro005287
005 20180913112350.0
008 130809s1996####ag#a##########000#0#spa#d
082 0 4 |a 636.2084 
100 1 |a Kugler, N. M. 
245 1 0 |a Destete precoz :  |b dos años de resultados, 28 de marzo de 1996 Viedma y Patagones /  |c N.M. Kugler, H. Giorgetti, G. Cecchi, O. Montenegro, G. Rodríguez. 
260 |a [Viedma] :  |b INTA EEA Valle Inferior del Río Negro :  |b Convenio IDEVI-INTA,  |c [1996]. 
300 |a 16 h. :  |b il. ;  |c 30 cm. 
700 1 |a Giorgetti, H. 
700 1 |a Cecchi, G. 
700 1 |a Montenegro, O. 
700 1 |a Rodríguez, G. 
859 |a AR-BbBCA  |b BIB. AGRONOMIA  |h 636.2084  |i K95  |p 1996/2560